000 00717 a2200205 4500
005 20080829164737.0
008 080829t xxu||||| |||| 00| 0 eng d
010 _aENG-87443
020 _a8189781081
_c50.00
035 _aEN-70976
037 _bDBAD / PUB
082 _a921
100 _aGuha, Kanika
245 _aStudents' companion to the story of my life
_cby Kanika Guha
260 _aKolkatta
_bAcademic Publishers
_c2006
270 _a12/1A Bankim Chatterjee Street
_bKolkatta
_e700 073
300 _a207 p.
_c21 cm ( pbk.)
942 _adpl
_cEN
_k921/GUH
_2ddc
_h921
_mGUH
999 _c6578
_d6578